Normal view
MARC view
Entry Personal Name
001 - CONTROL NUMBER
- control field: 26513
003 - CONTROL NUMBER IDENTIFIER
- control field: dpl
005 - DATE AND TIME OF LATEST TRANSACTION
- control field: 20110312141101.0
008 - FIXED-LENGTH DATA ELEMENTS
- fixed length control field: 110312|||a|||||| | ||| d
040 ## - CATALOGING SOURCE
- Original cataloging agency: dpl
- Transcribing agency: dpl
100 ## - HEADING--PERSONAL NAME
- Personal name: A.P.J Abdul Kalam
670 ## - SOURCE DATA FOUND
- Source citation: Work cat.: (dpl): A.P.J Abdul Kalam 26511, The Scientific Indian, 2010
670 ## - SOURCE DATA FOUND
- Source citation: Work cat.: (dpl): A.P.J Abdul Kalam 26511, The Scientific Indian, 2010
